000 00690nam a2200253Ia 4500
008 160803s9999 xx 000 0 und d
020 _a9780590120050
100 _aOchiltree, Dianne
245 _aCats add up! /
245 _cby Dianne Ochiltree ; illustrated by Marcy Dunn-Ramsey ; math activities by Marilyn Burns.
260 _aNew York :
260 _bScholastic Inc.
260 _c1998
300 _a1 volume (unpaged) :
300 _bcolor illustrations ;
300 _c23 cm.
440 _aHello reader! Math ;
440 _vLevel 3.
650 _aCats --
650 _aCounting --
650 _xFiction.
650 _xJuvenile literature.
700 _a480
999 _c299190
_d299190